00733nam a2200217 i 4500001000300000003000900003005001700012008004100029040004200070041000800112080000800120080001600128100004700144245007800191250001200269260002100281655005000302650002500352700004100377856009700418bgKOSZ 00520200408130907.0990909s1987 pl f f |000 0 pol d cKOSZ 005/HRaKOSZ 005/HRdKOSZ 005/HR apol a517 a(075.8+076)1 aKrysicki, Włodzimierzd(1905-2001)eAutor 0aAnaliza matematyczna w zadaniach .nCz. 2 /cW. Krysicki, L. Włodarski.  aWyd.16. aWarszawa,c1987. 4aĆwiczenia i zadania dla szkół wyższych 4aAnaliza matematyczna1 aWłodarski, Lechd(1916-1997)eAutor uhttp://koha.tu.koszalin.pl/cgi-bin/koha/opac-detail.pl?biblionumber=6109yKatalog online BPK